00346nam a22001337a 4500003000400000005001700004008004100021020001500062040000700077100004300084245003200127250001100159260004200170OSt20170220145816.0170220b xxu||||| |||| 00| 0 eng d a039395952x cru aJames A.W. Heffernan & John E. Lincoln aWriting, a college workbook a3rd ed aNew yorkbW.W. Norton & Companyc1990